Australská bezpečnostní politika

Austrália v súčasnosti ako súčasť ázijsko-tichomorského regiónu, ale zároveň z kultúrneho aj bezpečnostného hľadiska spojená so západnými spojencami - s Veľkou Britániou a USA. Vývoj bezpečnostných vzťahov Austrálie po druhej svetovej vojne. Orientácia na nových partnerov vo svojej zemepisnej oblast...

Descrizione completa

Salvato in:
Dettagli Bibliografici
Autore principale: Smejkalová, Terezie
Natura: Capitolo di libro
Lingua:ceco
Soggetti:
Tags: Aggiungi Tag
Nessun Tag, puoi essere il primo ad aggiungerne!!

MARC

LEADER 00000naa a2200000 4500
001 0124788
005 20231016094550.9
041 0 |a cze 
044 |a CZ 
245 1 0 |a Australská bezpečnostní politika  |c Terezie Smejkalová 
520 |a Austrália v súčasnosti ako súčasť ázijsko-tichomorského regiónu, ale zároveň z kultúrneho aj bezpečnostného hľadiska spojená so západnými spojencami - s Veľkou Britániou a USA. Vývoj bezpečnostných vzťahov Austrálie po druhej svetovej vojne. Orientácia na nových partnerov vo svojej zemepisnej oblasti. Angažovanosť Austrálie v zahraničných operáciách. 
610 2 0 |a politika bezpečnostná 
610 2 0 |a politika zahraničná 
610 2 0 |a vzťahy zahraničné 
610 2 0 |a vzťahy medzinárodné 
610 2 0 |a obchod zahraničný 
610 2 0 |a sily ozbrojené 
610 2 0 |a integrácia 
610 2 0 |a Austrália 
100 1 |a Smejkalová, Terezie